000 00531nam a2200205Ia 4500
003 OSt
005 20230529161313.0
008 210423s2008 xx 000 0 und d
040 _cAL
041 _aeng
082 _a361.3
_223
_bPARS
100 _aPARKER (F)
_9116073
245 _aSocial work practice
260 _aSouthern East
_bLearning Matters
_c2008
365 _b1257
_cINR
650 _aSocial Problems & Services
_9116074
650 _aSocial Work
_9116075
906 _apractice ; Social ; work
942 _2ddc
_cBK
999 _c175425
_d175425